000 00546cam a2200217ua 4500
001 2462
005 20260515113513.0
008 120203n ii |||gr||||Z||||||asm
020 _a81-7339-007-X
040 _cMAIN
082 _a398.054
100 _aSaikia, Nagen.,
245 1 0 _aBharatar sanskritik aitijya aru anyanya rachana
_cby Nagen Saikia
250 _a1st ed.
260 _aDibrugarh:
_bBanalata,993.
300 _a168p.:0cm.
653 _aFolklore
653 _aFolklore
653 _aBharatar sanskritil atitijya.
942 _cBK
999 _c2316
_d2316